000 00277nam a22001217a 4500
008 171227b xxu||||| |||| 00| 0 eng d
041 _aeng
080 _a573
100 _a11
101 _aBIO
245 _aCOMMUNICATION AMONG SOCIAL BEES
_cLINDAUER,M
942 _2udc
_cBK
999 _c39502
_d39502